| 000 | 00775nam a22002057a 4500 | ||
|---|---|---|---|
| 999 |
_c7516 _d7516 |
||
| 003 | AR-CdUCM | ||
| 008 | 190320b ||||| |||| 00| 0 spa d | ||
| 040 |
_aMUNICIPALIDAD PROVINCIAL DEL CUSCO _cBIBLIOTECA MUNICIPAL DEL CUSCO |
||
| 082 |
_a620.104 / _bB41 |
||
| 100 |
_aBeer, Ferdinand Pierre _921221 |
||
| 245 |
_aMecánica vectorial para ingenieros : _bDinámica / |
||
| 260 |
_aMadrid : _bMc Graw-Hill, _c1998. |
||
| 300 |
_a436 paginas ; _bDiagramas23 cm. _c23 cm. |
||
| 505 | _aContenido :Cinemática de partículas --Cinética de partículas :Fuerza, masa y aceleración --Cinética de partículas :Trabajo y energía ... | ||
| 650 |
_aDinámica _920090 |
||
| 650 |
_aManuales _95970 |
||
| 650 |
_aAnálisis vectorial _920089 |
||
| 942 |
_2ddc _cLIBROS |
||
| 945 | _arjall | ||